000 00281nam a22001217a 4500
008 180928b xxu||||| |||| 00| 0 eng d
041 _aeng
080 _a721
100 _a41
101 _aARK
245 _aIllustrated Glossary of Architecture 850-1830
_cHarris
942 _2udc
_cBK
999 _c48662
_d48662